Stevia beyond the sweetener /

More and more people use sweeteners as sugar substitutes, and among these, one can find products of both natural and artificial origin. One of the most popular ones among natural sweeteners is Stevia of plant origin, and the popularity of the use of dried Stevia leaves as tea has been increasing as...

Teljes leírás

Elmentve itt :
Bibliográfiai részletek
Szerzők: Kemenczei Ágnes
Izsó Tekla
Frecskáné Csáki Katalin
Maczó Anita
Bognár Lajos
Kasza Gyula
Dokumentumtípus: Cikk
Megjelent: WESSLING Nemzetközi Kutató és Oktató Központ Közhasznú Nonprofit Kft. Budapest 2016
Sorozat:Élelmiszervizsgálati közlemények 62 No. 3
Kulcsszavak:Stevia rebaudiana, Élelmiszervizsgálat, Édesítőszer
Tárgyszavak:
Online Access:http://acta.bibl.u-szeged.hu/79103
LEADER 02361nab a2200289 i 4500
001 acta79103
005 20230826082032.0
008 230706s2016 hu o 0|| eng d
022 |a 0422-9576 
040 |a SZTE Egyetemi Kiadványok Repozitórium  |b hun 
041 |a eng 
100 1 |a Kemenczei Ágnes 
245 1 0 |a Stevia  |h [elektronikus dokumentum] :  |b beyond the sweetener /  |c  Kemenczei Ágnes 
260 |a WESSLING Nemzetközi Kutató és Oktató Központ Közhasznú Nonprofit Kft.  |b Budapest  |c 2016 
300 |a 1230-1234 
490 0 |a Élelmiszervizsgálati közlemények  |v 62 No. 3 
520 3 |a More and more people use sweeteners as sugar substitutes, and among these, one can find products of both natural and artificial origin. One of the most popular ones among natural sweeteners is Stevia of plant origin, and the popularity of the use of dried Stevia leaves as tea has been increasing as well. There are approximately 150 to 300 species that belong to the genus Stevia. Of these, the best known is Stevia rebaudiana Bertoni, and the sweetening power of the product, containing a mixture of glycosides, that can be obtained from its leaves, can be as high as 350 times of that of sugar. Before its authorization for use as a food additive in 2011, several evaluations were carried out regarding the safety of steviol glycosides, and finally an ADI value of 4 mg per kilograms of body weight was determined by the EFSA in 2010. Nonetheless, the Stevia rebaudiana Bertoni plant itself and its dried leaves are currently classified in the European Union as not authorized novel foods. This is so, because steviol glycosides authorized as sweeteners contain 95% purified stevioside and/or rebaudioside A, while dried Stevia leaves contain a variety of other components. Research into the risks of these are still taking place. 
650 4 |a Műszaki és technológiai tudományok 
650 4 |a Egyéb műszaki tudományok és technológiák 
650 4 |a Élelmiszer és italfélék 
695 |a Stevia rebaudiana, Élelmiszervizsgálat, Édesítőszer 
700 0 1 |a Izsó Tekla  |e aut 
700 0 2 |a Frecskáné Csáki Katalin  |e aut 
700 0 2 |a Maczó Anita  |e aut 
700 0 2 |a Bognár Lajos  |e aut 
700 0 2 |a Kasza Gyula  |e aut 
856 4 0 |u http://acta.bibl.u-szeged.hu/79103/1/elelmiszervizsgalati_kozlemenyek_2016_03_1230-1234.pdf  |z Dokumentum-elérés